000 00349 a2200169 4500
001 169805
020 _a85-7319-272-0
040 _cMagnum
100 _aBelinky, Tatiana
240 1 0 _aAcontecências
_lpor
245 1 0 _aAcontecências
300 _a84
362 0 _a2002
440 1 _aDimensão
697 _aLITERATURA JUVENIL
942 _cBK
999 _c169805
_d169805